Have you any wool ? : the creative use of yarn

Bibliographic Details
Main Author: Messent, Jan
Format: Book
Published: Kent : Search Press Ltd. , 1988
Subjects:

MARC

LEADER 00000cam a2200000 7i4500
001 0000004246
002 000004563
005 20000330.0
020 |a 0855325844 
090 0 0 |a 746.43   |b MES 
100 1 |a Messent, Jan 
245 1 0 |a Have you any wool ? :   |b the creative use of yarn   |c Jan Messent 
260 |a Kent :   |b Search Press Ltd. ,   |c 1988 
300 |a 127p. :   |b ill. ;   |c 28cm. 
650 0 0 |a Knitting 
999 |a 031385   |b BUKU   |c PINJAMAN   |e PERPUSTAKAAN KOMUNITI PETALING JAYA 
999 |a 031386   |b BUKU   |c PINJAMAN   |e PERPUSTAKAAN KOMUNITI PETALING JAYA 
999 |a 031387   |b BUKU   |c PINJAMAN   |e PERPUSTAKAAN KOMUNITI PETALING JAYA